000 00990nam a2200349 4500
001 02084746
003 DO-SdBPM
005 20250728102756.0
007 ta
008 060221s2023 sp | || ||spa
017 _a
_b
020 _a9788466367356
035 _a
040 _aDO-SdBPM
_bspa
_cBPMSU
_erda
082 4 _a863.6
_bM784i 2023
_222
100 1 _aMontfort, Vanessa
_d1975-
_eautora
245 1 3 _aEl ingrediente secreto /
_cVanessa Montfort.
_h
250 _a
260 _b
_c
264 _aBarcelona, España
_bPeguin Random House Grupo Editorial,
_c2023
300 _a298 páginas . ;
_c20 cm.
336 _atexto
_btxt
_2rdacontent
337 _asin meditación
_bn
_2rdamedia
338 _avolumen
_bnc
_2rdacarrier
490 0 _aBESTSELLER
590 _aInventariado, 2025/VM
650 7 _aNovela española --
_4
650 7 _aFamilia
_vNovela
650 7 _aNovela histórica
_v
910 _aVMateo V. Control de calidad. BPMSU
942 _2ddc
_cBK
999 _c15277
_d15277